Religion Quiz

Random Religion or Bible Quiz

Biblical New Year's Resolutions 2 Quiz Stats

 Plays Quiz not verified by Sporcle

Score 0/20 Timer 04:00
1 Play Today
% Correct
Noah
81.4%
Thomas
76.4%
Pharaoh
75.1%
Abel
74.8%
The Sons of Zebedee
71.2%
Mary Magdalene
67.7%
Esau
65.7%
Joseph
64.6%
Job
62.4%
John the Baptist
61.6%
% Correct
King Herod the Great
60.6%
James
56.5%
Goliath
55.1%
Salome
51.1%
Elijah
51.1%
Absalom
49.9%
Saul
46.8%
Ahab
46.7%
Herod Antipas
45.5%
Ruth
38.8%

You're not logged in!

Compare scores with friends on all Sporcle quizzes.
OR
Log In

Show Comments

Extras

Top Quizzes Today


Score Distribution

Your Account Isn't Verified!

In order to create a playlist on Sporcle, you need to verify the email address you used during registration. Go to your Sporcle Settings to finish the process.

Report this User

Report this user for behavior that violates our Community Guidelines.

Details: